| 000 | 00471nam a2200193Ia 4500 | ||
|---|---|---|---|
| 005 | 20240823053750.0 | ||
| 008 | 240823s9999||||xx |||||||||||||| ||und|| | ||
| 020 | _a0-8273-5843-1 | ||
| 041 | _aENGLISH | ||
| 082 | _A621.382 P2 | ||
| 100 | _aFrank R Dungan | ||
| 245 | 0 | _aElectronic Communications Systems | |
| 250 | _a2nd | ||
| 260 |
_c2002 _bDelmar Publisher |
||
| 500 | _aYES | ||
| 650 |
_aCommunications Systems _bElectronics |
||
| 942 | _cBK | ||
| 999 |
_c224904 _d224904 |
||